Test, measurement and evaluation in physical education (Record no. 393713)

MARC details
000 -LEADER
fixed length control field 00474 a2200169 4500
005 - DATE & TIME
control field 20260112150827.0
008 - FIXED-LENGTH DATA ELEMENTS--GENERAL INFORMATION
fixed length control field 260112b |||||||| |||| 00| 0 eng d
020 ## - ISBN
International Standard Book Number 9789358774092
Price Rs.1000.00
040 ## - CATALOGING SOURCE
Original cataloging agency VIVEKANANDA LIBRARY
082 ## - DDC NUMBER
Classification number 796.076137
Book Number G741T
100 ## - MAIN ENTRY--PERSONAL NAME
Personal name Goun, Jai Bhagwan Singh
245 ## - TITLE STATEMENT
Title Test, measurement and evaluation in physical education
260 ## - PUBLICATION, DISTRIBUTION, ETC. (IMPRINT)
Name of publisher, distributor, etc Khel Sahitya Kendra
Date of publication, distribution, etc 2025
Place of publication, distribution, etc New Delhi
300 ## - PHYSICAL DESCRIPTION
Pages 176
650 ## - Subject
Subject Physical Education
942 ## - ADDED ENTRY ELEMENTS (KOHA)
Koha item type Books
Holdings
Withdrawn status Lost status Source of classification or shelving scheme Damaged status Not for loan Location (home branch) Sublocation or collection (holding branch) Shelving location Date acquired Koha issues (times borrowed) Koha full call number Accession No. Koha date last seen Koha item type
    Dewey Decimal Classification     VIVEKANANDA LIBRARY VIVEKANANDA LIBRARY Vivekananda Library 12/12/2025   796.076137 G741T 443650 12/12/2025 Books
© Designed and Maintained by Vivekananda Library, MDU Rohtak